Pokémons en images aléatoire - A - Statistiques

Statistiques générales
  • Ce quiz a été pris 258 fois
  • Le résultat moyen est 11 sur 16
Statistiques - réponses
Par images Réponse % Correct
Aquali
99%
Abra
96%
Alakazam
96%
Abo
95%
Arcanin
93%
Artikodin
91%
Absol
89%
Aspicot
89%
Akwakwak
88%
Azumarill
87%
Airmure
86%
Arcko
86%
Amphinobi
83%
Axoloto
83%
Avaltout
82%
Apitrini
81%
Apireine
80%
Arbok
80%
Archéomire
80%
Altaria
79%
Aligatueur
78%
Amonita
78%
Anchwatt
78%
Azurill
78%
Amonistar
73%
Arakdo
68%
Archéodong
68%
Aflamanoir
67%
Archéduc
67%
Aéromite
66%
Armulys
61%
Angoliath
55%
Argouste
55%
Armaldo
54%
Anorith
47%
Arkéapti
47%
Amagara
46%
Aéroptéryx
43%
Araqua
34%
Ama-Ama
33%
Arrozard
28%
Astronelle
21%
Aucun quiz correspondant
Distribution des résultats
% des personnes avec chaque résultat
Percentile par nombre de réponses
Votre historique - résultats
Vous n’avez pas pris ce quiz